=LDR 00000nam 2200000 4500 =001 INLIS000000000027174 =005 20210506014026 =035 ##$$a 0010-061300000027174 =008 210506################g##########0#ind## =041 ##$$a Ind =082 ##$$a 339.04 =090 ##$$a 339.04, Sus t =100 ##$$a Susetyo, Benny =245 1#$$a Teologi ekonomi : $b Partisipasi kaum awam dalam pembangunan menuju kemandirian ekonomi /$c Benny Susetyo =260 ##$$a Malang :$b Averroes Press,$c 2006 =300 ##$$a xxiii, 172 hlm, ; $c 21 x 14 cm. =650 #4$$a Makro ekonomi-Pro Rakyat =850 ##$$a NBPNMAT =020 ##$$a 979-3997-04-4 =084 ##$$a 339.04 SUS t =250 ##$$a cet.1 =504 ##$$a Bibliografi :hlm.165-169 =520 ##$$a Biografi :hlm.171-172 =990 ##$$a 20705719 =990 ##$$a 20705721 =990 ##$$a 07170717 =990 ##$$a 20705718 =990 ##$$a 20705719 =990 ##$$a 20705721